banner koha

Comparacao entre extratores quimicos de fosforo disponivel (Registro n. 290605)

MARC details
000 -LÍDER
campo de controle de tamanho fixo 00939nac a22002777a 4500
001 - NÚMERO DE CONTROLE
campo de controle BR0000965
003 - IDENTIFICADOR DO NÚMERO DE CONTROLE
campo de controle BR-BrBNA
005 - DATA E HORÁRIO DA ÚLTIMA TRANSAÇÃO
campo de controle 20240105122345.0
008 - CAMPO DE DADOS FIXOS--INFORMAÇÃO GERAL
campo de controle de tamanho fixo 230509b bl.|||m| |||| 00| 0 por d
040 ## - FONTE DA CATALOGAÇÃO
Instituição da catalogação original BR-BrBNA
Idioma da catalogação por
Instituição que transcreveu o registro Biblioteca Nacional de Agricultura
072 ## - CÓDIGO DE CATEGORIA DE ASSUNTO
Código de Categoria de Assunto P33
090 ## - NÚMERO DE CHAMADA LOCAL
Número de chamada 3840 BR0000965
100 1# - ENTRADA PRINCIPAL--NOME PESSOAL
Nome pessoal Alcantara, R.M.C.M. de
100 1# - ENTRADA PRINCIPAL--NOME PESSOAL
Nome pessoal Marques, E.S.
100 1# - ENTRADA PRINCIPAL--NOME PESSOAL
Nome pessoal Ramos, A.A.
110 1# - ENTRADA PRINCIPAL--NOME CORPORATIVO
Nome corporativo ou nome da jurisdição Centro de Pesquisa Agropecuaria do Meio Norte, Teresina, PI (Brasil)
245 1# - TÍTULO
Título Comparacao entre extratores quimicos de fosforo disponivel
260 3# - PUBLICAÇÃO, DISTRIBUIÇÃO, ETC.
Local de publicação, distribuição, etc. Teresina, PI (Brasil):
Data da publicação, distribuição, etc. 1998.
490 ## - TÍTULO DA SÉRIE
Título da série Boletim de Pesquisa - Centro de Pesquisa Agropecuaria do Meio Norte (Brazil)
Número do volume ou designação sequencial da série no. 18
ISSN - International Standard Serial Number ISSN 1413-1455
500 ## - NOTA GERAL
Nota geral Summaries (En, Pt); 5 tables; 23 ref.
650 ## - ASSUNTO--TERMO TÓPICO
Cabeçalho tópico ou nome geográfico Fosforo
650 ## - ASSUNTO--TERMO TÓPICO
Cabeçalho tópico ou nome geográfico Resina
650 ## - ASSUNTO--TERMO TÓPICO
Cabeçalho tópico ou nome geográfico Extracao Supercritica
909 ## -
-- 202312
-- Lúcia Elande
-- 55
-- Lúcia Elande
942 ## - ELEMENTOS DE ENTRADA ADICIONADOS (KOHA)
Fonte da classificação ou esquema de arquivamento na estante Classificação AGRIS
Ocultar no OPAC Não
Tipo de material Koha Monografia Seriada
Exemplares
Situação do descarte Fonte da classificação ou esquema de arquivamento na estante Situação física Não pode ser emprestado Coleção Biblioteca de origem Biblioteca atual Localização na estante Total de empréstimos Número de telefone completo Código de barras Data de último acesso Tipo de material Koha Fonte de aquisição
  Classificação AGRIS       Biblioteca Nacional de Agricultura - Binagri Biblioteca Nacional de Agricultura - Binagri Agrobase - Acervo Geral   3840 BR0000965 3840 BR0000965 18/12/2023 Monografia Seriada Portaria Interministerial nº 164/94

BINAGRI

Telefone: (61)3218-2567/2388/3357/2097 - binagri@agro.gov.br

Ministério da Agricultura e Pecuária , Esplanada dos Ministérios, Bloco D, Anexo B, Brasília/DF, CEP: 70.043-900